|
|
|
|
| LEADER |
01134nam a2200265 a 4500 |
| 001 |
12535889 |
| 008 |
130411s2002 enka bf 001 0 eng d |
| 010 |
|
|
|a 2001051133
|
| 020 |
|
|
|a 1840641428
|
| 040 |
|
|
|a DLC
|c DLC
|d DLC
|d BD-DhAAL
|
| 082 |
0 |
0 |
|a 338.9
|2 21
|
| 245 |
0 |
0 |
|a Handbook on development policy and management /
|c edited by Colin Kirkpatrick, Ron Clarke and Charles Polidano.
|
| 260 |
|
|
|a Cheltenham, UK ;
|a Northampton, MA :
|b Edward Elgar,
|c c2002.
|
| 300 |
|
|
|a xix, 452 p. :
|b ill. ;
|c 24 cm.
|
| 504 |
|
|
|a Includes bibliographical references and index.
|
| 541 |
|
|
|e 00026878
|
| 650 |
|
0 |
|a Economic policy
|v Handbooks, manuals, etc.
|
| 650 |
|
0 |
|a Social policy
|v Handbooks, manuals, etc.
|
| 650 |
|
0 |
|a Economic development
|v Handbooks, manuals, etc.
|
| 700 |
1 |
|
|a Kirkpatrick, C. H.
|q (Colin H.),
|d 1944-
|
| 700 |
1 |
|
|a Clarke, Ron,
|d 1933-
|
| 700 |
1 |
|
|a Polidano, Charles,
|d 1967-
|
| 852 |
1 |
|
|a Ayesha Abed Library
|c General shelf.
|
| 999 |
|
|
|c 13298
|d 13298
|
| 952 |
|
|
|0 0
|1 0
|2 ddc
|4 0
|6 338_900000000000000_HAN
|7 0
|9 22184
|a IGS
|b IGS
|c GEN
|d 2013-04-11
|e Trim Education
|g 4680.00
|l 1
|m 2
|o 338.9 HAN
|p 3010026878
|r 2014-06-10
|s 2013-05-07
|w 2013-04-11
|y BK
|